00988nam a2200253 a 4500001001000000003000500010005001700015008004100032010001100073011001100084020001800095040000900113082001900122245025500141260006400396300001800460490003200478650003600510650004400546650003300590700004800623700003100671830003200702000114836CHAP20220329144500.0180606s2016 mx a |r| |||0|||spa d a111297 a112269 a9786079401740 cCHAP04a363.70972bH6700aHistoria, medio ambiente y áreas naturales protegidas en el Centro-Norte de México :bcontribuciones para la ambientalización de la historiografía mexicana, siglos XVIII-XXI /ccoordinadores Sergio Alejandro Cañedo Gamboa y Cynthia Radding. aSan Luis Potosí, Méx. :bEl Colegio de San Luis,c2016. a256 p. :bil.1 aColección investigaciones14aAguaxAbastecimientoxMéxico.14aMedio ambientexProtecciónzMéxico.14aRegionalizaciónxMéxico.1 aCañedo Gamboa, Sergio Alejandroe, coord.1 aRadding, Cynthiae, coord. 0aColección investigaciones